Spongyabob szereplői - Statistics

General Stats
  • This quiz has been taken 141 times
  • The average score is 10 of 24
Answer Stats
Válaszok % Correct
Csillag Patrik
99%
Spongyabob Kockanadrág
98%
Rák úr
97%
Tintás Tunyacsáp
95%
Szandi Csovi
91%
Sheldon J. Plankton
82%
Csigusz
79%
Puff asszony
58%
Karen
54%
Languszta Larry
44%
Pearl Krabs
44%
Kobaka
25%
Erőberő
24%
Bolygó Hollandi
16%
Fred
13%
Rájadög
10%
Piszkos Buborék
8%
Potty
5%
Félszem
4%
Firkabob
4%
Jetirák
3%
Triton
3%
Atom Lepényhal
2%
Csibész Csiga
2%
No matching quizzes found
Score Distribution
Percent of People with Each Score
Percentile by Number Answered
Your Score History
You have not taken this quiz